ბათუმის შოთა რუსთაველის სახელმწიფო უნივერსიტეტის ბიბლიოთეკა

ნარკვევები შუა საუკუნეების აჭარის ისტორიიდან : (ბიბ.ჩანაწერი № 59189)

000 -ლიდერი
ფიქსირებული სიგრძის საკონტროლო ველი 01054nam a22001937a 4500
003 - საკონტროლო ნომრის იდენტიფიკატორი
საკონტროლო ველი Ge_BSU
005 - ბოლო ოპერაციის თარიღი და დრო
საკონტროლო ველი 20221213103736.0
008 - ფიქსირებული სიგრძის მონაცემთა ელემენტები - ზოგადი ინფორმაცია
ფიქსირებული სიგრძის საკონტროლო ველი 221213s1974ge xxu||||| |||| 00| 0 geo d
041 ## - ენის კოდი
Language code of text/sound track or separate title geo
080 ## - უნივერსალური ათობითი კლასიფიკაციის ინდექსი
Universal Decimal Classification number 94(479.223)"05/14" ვ-21
100 ## - მთავარი ჩანაწერი - პიროვნების სახელი
Personal name ვარშანიძე, შალვა, ავტ.
9 (RLIN) 16367
245 ## - ცნობა სათაურის შესახებ
Title ნარკვევები შუა საუკუნეების აჭარის ისტორიიდან :
Remainder of title (XVII საუკუნის ოცდაათიანი წლების დასასრულამდე)
Statement of responsibility, etc შალვა ვარშანიძე, რედ: ვ. დონაძე
264 ## - წარმოების, გამოცემის, დისტრიბუციის და სხვა ცნობები
გამოცემის, წარმოების, დისტრიბუციის... ადგილი ბათუმი :
გამოცემის, წარმოების, დისტრიბუციის... სახელწოდება საბჭ. აჭარა,
გამოცემის, წარმოების, დისტრიბუციის... თარიღი 1974.
300 ## - ფიზიკური აღწერა
Extent 147გვ. :
Other physical details 4 ფ. ილ. ;
Dimensions 22 სმ.
520 ## - SUMMARY, ETC.
Summary, etc რეზ. რუს. და ინგლ. ენ.
653 ## - INDEX TERM--UNCONTROLLED
Uncontrolled term აჭარის შუა საუკუნეების ისტორია.
700 ## - ADDED ENTRY--PERSONAL NAME
Personal name დონაძე, ვ
Relator term რედაქრტორი
9 (RLIN) 10182
942 ## - ADDED ENTRY ELEMENTS (KOHA)
Source of classification or shelving scheme
Koha item type წიგნი
ეგზემპლარები
ჩამოწერის სტატუსი დაკარგული ეგზემპლარის სტატუსი კლასიფიკაციის წყარო ან თაროზე გაწყობის სქემა დაზიანების სტატუსი არ გაიცემა მუდმივი მდებარეობა (დაცვის ადგილი) ამჟამინდელი ადგილსამყოფელი თაროზე განთავსების ადგილი შეძენის თარიღი ღირებულება, შესყიდვის ნორმალური ფასი სრული შენახვის შიფრი შტრიხკოდი ბოლო ოპერაციის თარიღი ეგზემპლარის მიმდევრობითი ნომერი (კეტერი?) ფასის ძალაში შესვლის თარიღი ეგზემპლარის სახეობა საჯარო შენიშვნა
          ბათუმის შოთა რუსთაველის სახელმწიფო უნივერსიტეტის მთავარი ბიბლიოთეკა ბათუმის შოთა რუსთაველის სახელმწიფო უნივერსიტეტის მთავარი ბიბლიოთეკა წიგნსაცავი 2022-12-13 5.00 94(479.223) ვ-21 63274 2022-12-13 63274 2022-12-13 წიგნი 5.00